000 01639nam0a2200337 4500
001 RU\NLR\bibl\63596
005 20260407015538.0
010 _a5-7525-0667-0
_9300
021 _aRU
_b99-29331
_91429
035 _a(NLR Aleph) 000062059
090 _a338525
_c338525
100 _a19991215d1998 |||y0rusy50 ca
101 0 _arus
102 _aRU
105 _ay |||||||||
200 1 _aСемантические модели русских глагольных предложений: экспериментальный синтаксический словарь
_eПроспект
_fУр. гос. ун-т им. А.М. Горького. Пробл. группа "Рус. глагол"
_g[Под общ. ред. проф. Л.Г. Бабенко]
210 _aЕкатеринбург
_cИзд-во Ур. ун-та
_d1998
215 _a169,[1] с.
_d20
320 _aБиблиогр. в конце кн.
606 0 _aРусский язык
_xГрамматические словари
_91540694
_3RU\NLR\auth\66972915
606 0 _aРусский язык
_xСтилистические словари
_91591261
_3RU\NLR\auth\66998090
686 _aШ141.12-412
686 _aШ141.12-477
702 1 _aБабенко
_bЛ. Г.
_4340
712 0 2 _4570
_aУральский государственный университет им. А. М. Горького
_bПроблемная группа "Русский глагол"
_cЕкатеринбург
_9505404
_3RU\NLR\AUTH\8810004068
801 0 _aRU
_bNLR
_c19991215
_gPSBO
801 1 _aRU
_bNLR
_c19991215
852 _aNLR
_j99-3/15936
942 _cBOOK
980 _aNB